Actualidad Jurd̕ica Ambiental

Detalles Bibliográficos
Formato: eBook
Lenguaje:español
Publicado: Madrid : Centro de Investigaciones, Energťicas, Medioambientales y Tecnolg̤icas, 2013 -
Materias:
Acceso en línea:Acceso restringido

MARC

LEADER 00000nam a22000007a 4500
005 20140521165911.0
007 cr|||| ||||
008 140521c20139999sp |||| s|||| 0|||a1spa d
035 |a 12116 
040 |a vLex 
090 |c 4928  |d 4928 
245 0 0 |a Actualidad Jurd̕ica Ambiental  |h [Recurso electrn̤ico]  
256 |a Servicio en ln̕ea 
260 |a Madrid :  |b Centro de Investigaciones, Energťicas, Medioambientales y Tecnolg̤icas,  |c 2013 - 
300 |a 1 recurso electrn̤ico 
310 |a Mensual 
506 1 0 |a Contenido solo disponible en los productos indicados  |d vLex Global  |d vLex Global (Academic Edition, excluding Law Schools)  |d vLex Global (U.S. Academic Edition, Law Schools)  |d vLex Global (U.S. Academic Edition, excluding Law Schools)  |d vLex Global (Academic Edition, Law Schools) 
650 0 4 |a Jurisprudencia   |v Revistas  |z Espaą 
740 0 |a vLex Revistas (Servicio en ln̕ea) 
856 4 0 |u http://vlex.com/source/actualidad-juridica-ambiental-12116  |z Acceso restringido 
942 |c REV 
999 |a Jurisprudence